Statistics for 令和4年ふるさと納税ランキング

Click here to take the quiz!

General Stats

  • This quiz has been taken 25 times
  • The average score is 4 of 20

Answer Stats

都道府県自治体金額% Correct
宮崎県都城市19,592,615
70%
大阪府泉佐野市13,771,905
52%
京都府京都市9,507,775
52%
宮崎県宮崎市5,653,225
39%
北海道紋別市19,432,906
30%
北海道根室市17,612,782
26%
愛知県名古屋市6,323,168
22%
千葉県勝浦市5,534,178
17%
北海道白糠町14,833,646
13%
北海道別海町6,943,401
13%
茨城県境町5,953,487
9%
鹿児島県志布志市6,219,600
9%
静岡県焼津市7,574,376
9%
山梨県富士吉田市8,806,033
9%
福岡県飯塚市9,085,607
9%
新潟県燕市5,494,879
9%
福井県敦賀市8,748,810
4%
佐賀県上峰町10,873,990
4%
兵庫県加西市6,360,752
0%
茨城県守谷市5,574,189
0%

Score Distribution

Percentile by Number Answered

Percent of People with Each Score

Your Score History

You have not taken this quiz